000 00594cam a22002171 4500
001 ne 66000780
003 DLC
005 20260227111822.0
008 900507s1965 ua a 000 1 arar
010 _ane 66000780
025 _aPL480:UAR-6966
035 _a(OCoLC)21489449
040 _aDLC
_cWaU
_dDLC
042 _apremarc
050 0 0 _aPJ7862.I35
_bS5
100 1 _aSibāʻī, Yusuf.
245 1 0 _aSitt nisāʼ wa-sittah rijāl
_c[taʼlīf] Yūsuf al-Sibāʻī.
260 _aMiṣr,
_bMuʼassast al-Khānjī
_c[1965]
300 _a198 p.
_billus.
_c19 cm.
500 _aShort stories.
999 _c48829
_d48829